Sports teams - Which sport? 'C' - Statistics

General Stats
  • This quiz has been taken 10 times
  • The average score is 8 of 12
Answer Stats
Question Answer % Correct
Colorado Rockies Baseball
100%
Chicago Bears American Football
90%
Charlotte Hornets Basketball
90%
Calgary Flames Ice Hockey
90%
Columbus Crew Association Football (Soccer)
80%
Chennai Super Kings Cricket
80%
Carolina Panthers American Football
70%
Crystal Palace Association Football (Soccer)
60%
Castleford Tigers Rugby League
60%
Cardiff Devils Ice Hockey
40%
Collingwood F.C. Australian Rules Football
30%
Connacht Rugby Union
10%
No matching quizzes found
Score Distribution
Percent of People with Each Score
Percentile by Number Answered
Your Score History
You have not taken this quiz